| 000 | 00515nab a22001457 4500 | ||
|---|---|---|---|
| 003 | ES-SlBCS | ||
| 005 | 20240616141041.0 | ||
| 008 | 240616s2022 sp ||||| |||| 00| 0 spa d | ||
| 040 |
_aES-SlBCS _bspa |
||
| 041 | _aspa | ||
| 100 | 1 |
_aCarriedo Tejedo, Manuel _967731 |
|
| 245 | 1 | 3 |
_aEl obispo Andreas "de Grecia" en Asturias (año 1012) _b: ¿peregrino armenio, pastor de Porec y legado papal? _cManuel Carriedo Tejedo |
| 773 | 0 |
_gNúm. 50, 2022, págs. 147-184 _tStudium Ovetense _wRev454 _x0211-0741 |
|
| 942 |
_2lcc _cAR |
||
| 999 |
_c896535 _d896535 |
||